[Event "Klub Kölner SF 1 - SV Mülheim-Nord 2"]
[Site "Oberliga NRW 2013/2014"]
[Date "2013.09.15"]
[Round "1.1"]
[White "Hausrath, Daniel"]
[Black "Tugui, Adrian"]
[Result "1-0"]
[WhiteElo "2530"]
[BlackElo "2379"]
[PlyCount "75"]
[EventDate "2013.??.??"]
[WhiteTeam "SV Mülheim-Nord 2"]
[BlackTeam "Klub Kölner SF 1"]

1. Nf3 d5 2. g3 Nf6 3. Bg2 e6 4. d4 c5 5. O-O Nc6 6. c4 dxc4 7. dxc5 Bxc5 8.
Qxd8+ Kxd8 9. Nbd2 Ke7 10. Nxc4 Nd7 11. Bd2 f6 12. Rac1 Rb8 13. Rfd1 Rd8 14.
Bf4 e5 15. Ncxe5 fxe5 16. Bg5+ Nf6 17. Rxd8 Bxf2+ 18. Kxf2 Kxd8 19. Nd2 h6 20.
Bxf6+ gxf6 21. Bxc6 bxc6 22. b3 Rb6 23. Rc4 Ra6 24. a4 Be6 25. Rh4 Rb6 26. Rxh6
Ke7 27. h4 Bxb3 28. a5 Rb5 29. Nxb3 Rxb3 30. Rh7+ Ke6 31. Rxa7 Kf5 32. a6 Ra3
33. Ra8 Kg6 34. a7 Kg7 35. e4 c5 36. Ke2 Kh7 37. Kd2 c4 38. Kc2 1-0

[Event "Klub Kölner SF 1 - SV Mülheim-Nord 2"]
[Site "Oberliga NRW 2013/2014"]
[Date "2013.09.15"]
[Round "1.2"]
[White "Morawietz, Dieter"]
[Black "Rezasade, Amir"]
[Result "1-0"]
[WhiteElo "2311"]
[BlackElo "2268"]
[PlyCount "67"]
[EventDate "2013.??.??"]
[WhiteTeam "Klub Kölner SF 1"]
[BlackTeam "SV Mülheim-Nord 2"]

1. e4 c5 2. Nf3 d6 3. d4 cxd4 4. Nxd4 Nf6 5. Nc3 a6 6. Bc4 e6 7. Bb3 b5 8. Bg5
Be7 9. Qf3 Qb6 10. O-O-O O-O 11. Rhe1 Nbd7 12. Qg3 Kh8 13. f4 Re8 14. e5 dxe5
15. fxe5 Ng8 16. Ne4 Bc5 17. c3 Qc7 18. Nd6 Bxd6 19. exd6 Qc5 20. Rf1 h6 21.
Be3 Qh5 22. Rde1 Ndf6 23. Bd1 Qg6 24. Qxg6 fxg6 25. Bf3 Rb8 26. Nc6 Rb7 27. Ne5
Kh7 28. Bxb7 Bxb7 29. d7 Rb8 30. Ba7 Ra8 31. Bb6 Bxg2 32. d8=Q Rxd8 33. Bxd8
Bxf1 34. Rxf1 1-0

[Event "Klub Kölner SF 1 - SV Mülheim-Nord 2"]
[Site "Oberliga NRW 2013/2014"]
[Date "2013.09.15"]
[Round "1.3"]
[White "Zwirs, Nico"]
[Black "Zuse, Peter"]
[Result "1/2-1/2"]
[WhiteElo "2293"]
[BlackElo "2257"]
[PlyCount "173"]
[EventDate "2013.??.??"]
[WhiteTeam "SV Mülheim-Nord 2"]
[BlackTeam "Klub Kölner SF 1"]

1. e4 c5 2. Nf3 d6 3. d4 cxd4 4. Nxd4 Nf6 5. Nc3 a6 6. Bg5 e6 7. f4 Qc7 8. Bxf6
gxf6 9. Qd2 Nc6 10. O-O-O Bd7 11. Kb1 O-O-O 12. f5 h5 13. fxe6 fxe6 14. Nxc6
Qxc6 15. Qf2 Be7 16. Rd4 Qc7 17. Rc4 Bc6 18. Nd5 exd5 19. exd5 Kb8 20. dxc6 d5
21. Rc3 d4 22. Rb3 Qxc6 23. Be2 Rd7 24. Bf3 Qc5 25. Qe2 Ka7 26. Re1 Bd6 27. Qe4
Rhh7 28. Rd1 Bxh2 29. Rxd4 Rhe7 30. Rxd7 Qg1+ 31. Rd1 Qxd1+ 32. Bxd1 Rxe4 33.
c3 h4 34. Bf3 Re7 35. Rb4 Bg3 36. a4 a5 37. Rb5 b6 38. Rf5 Re6 39. Rh5 Kb8 40.
Rh7 Rd6 41. Kc2 Bf2 42. Kb3 Kc8 43. Kc4 Kb8 44. Kb5 Kc8 45. b4 axb4 46. cxb4
Kd8 47. Rf7 Ke8 48. Rc7 Kd8 49. Rc2 Be3 50. Rc4 Bf2 51. Bb7 Kd7 52. Bc8+ Ke7
53. Bh3 Rd5+ 54. Ka6 Rd4 55. Rc2 Bg3 56. a5 bxa5 57. Kxa5 Rd6 58. Re2+ Kd8 59.
b5 Rd1 60. Ka6 Rb1 61. Rd2+ Ke8 62. Bd7+ Kf7 63. b6 Kg6 64. b7 Kg5 65. Rd5+ Kh6
66. Bb5 Rb2 67. Rd3 Be5 68. Re3 Bc7 69. Be2 Rb6+ 70. Ka7 Rb2 71. Re6 Ra2+ 72.
Ba6 Kg5 73. Rc6 Bf4 74. b8=Q Bxb8+ 75. Kxb8 Rxg2 76. Rc5+ Kf4 77. Bc8 Rf2 78.
Kc7 Kg3 79. Rc3+ Rf3 80. Rxf3+ Kxf3 81. Kd6 Ke4 82. Ke6 f5 83. Kf6 f4 84. Kg5
f3 85. Bb7+ Ke3 86. Bxf3 Kxf3 87. Kxh4 1/2-1/2

[Event "Klub Kölner SF 1 - SV Mülheim-Nord 2"]
[Site "Oberliga NRW 2013/2014"]
[Date "2013.09.15"]
[Round "1.4"]
[White "Bonnmann, Reinhard"]
[Black "Nabuurs, Joep"]
[Result "1-0"]
[WhiteElo "2189"]
[BlackElo "2222"]
[PlyCount "71"]
[EventDate "2013.??.??"]
[WhiteTeam "Klub Kölner SF 1"]
[BlackTeam "SV Mülheim-Nord 2"]

1. d4 Nf6 2. Nf3 e6 3. g3 b5 4. Bg2 Bb7 5. O-O c5 6. c3 Be7 7. dxc5 Bxc5 8. b4
Be7 9. a4 bxa4 10. Qxa4 O-O 11. Nbd2 Qc7 12. Bb2 Ne4 13. Nxe4 Bxe4 14. Nd4 Bxg2
15. Kxg2 Rc8 16. Kg1 Nc6 17. Nxc6 Qxc6 18. Rfd1 d5 19. Qxc6 Rxc6 20. e4 dxe4
21. Rd7 Kf8 22. Rdxa7 Rxa7 23. Rxa7 Rd6 24. Ra8+ Bd8 25. c4 f6 26. b5 Rd1+ 27.
Kg2 Ke7 28. Ba3+ Kd7 29. c5 Kc7 30. c6 Kb6 31. Rb8+ Ka5 32. Bc5 Bc7 33. Rb7 Be5
34. c7 Bxc7 35. Rxc7 Kxb5 36. Be3 1-0

[Event "Klub Kölner SF 1 - SV Mülheim-Nord 2"]
[Site "Oberliga NRW 2013/2014"]
[Date "2013.09.15"]
[Round "1.5"]
[White "Wittenberg, Andreas"]
[Black "Wisskirchen, Andreas"]
[Result "1/2-1/2"]
[WhiteElo "2149"]
[BlackElo "2185"]
[PlyCount "63"]
[EventDate "2013.??.??"]
[WhiteTeam "SV Mülheim-Nord 2"]
[BlackTeam "Klub Kölner SF 1"]

1. d4 Nf6 2. Nf3 g6 3. g3 Bg7 4. Bg2 O-O 5. O-O d6 6. b3 c6 7. Bb2 Qc7 8. Nbd2
Nbd7 9. e4 Re8 10. Re1 e5 11. Nc4 Bf8 12. Ba3 b5 13. dxe5 bxc4 14. exf6 Nxf6
15. Qd4 Nh5 16. Rad1 cxb3 17. axb3 c5 18. Qd3 Bb7 19. Bb2 Bg7 20. Bxg7 Nxg7 21.
Qxd6 Qxd6 22. Rxd6 Bxe4 23. Ne5 Bxg2 24. Kxg2 Re6 25. Rxe6 Nxe6 26. Re3 a5 27.
Rc3 a4 28. bxa4 Rxa4 29. Nd7 Ra7 30. Nxc5 Rc7 31. Ne4 Rxc3 32. Nxc3 1/2-1/2

[Event "Klub Kölner SF 1 - SV Mülheim-Nord 2"]
[Site "Oberliga NRW 2013/2014"]
[Date "2013.09.15"]
[Round "1.6"]
[White "Ludwig, Peter"]
[Black "Smith, Thijmen"]
[Result "1/2-1/2"]
[WhiteElo "2111"]
[BlackElo "2210"]
[PlyCount "146"]
[EventDate "2013.??.??"]
[WhiteTeam "Klub Kölner SF 1"]
[BlackTeam "SV Mülheim-Nord 2"]

1. Nf3 Nf6 2. c4 g6 3. Nc3 d5 4. cxd5 Nxd5 5. Nxd5 Qxd5 6. g3 Bg7 7. Bg2 O-O 8.
O-O e5 9. d3 c6 10. Be3 Qd8 11. Qb3 Nd7 12. Ng5 Nb6 13. h4 h6 14. Ne4 Be6 15.
Qa3 Re8 16. Bc5 Nd7 17. Bb4 a5 18. Bd6 Bd5 19. Bc5 Nxc5 20. Qxc5 a4 21. Qc2 Qe7
22. Nc5 Bxg2 23. Kxg2 a3 24. bxa3 Rxa3 25. Rab1 Ra7 26. Rb6 Bf8 27. Ne4 Rea8
28. Nc3 Qc5 29. Rfb1 Rxa2 30. Qc1 R2a7 31. Qd2 Qe7 32. Qb2 e4 33. Nxe4 Bg7 34.
Qb3 Ra3 35. Qb4 Qxb4 36. R1xb4 f5 37. Nd6 Bf8 38. Rd4 Ra2 39. Kf3 Rd8 40. Nxf5
Rxd4 41. Nxd4 Bc5 42. Rxb7 Bxd4 43. Rd7 c5 44. Rc7 Rc2 45. g4 Bf6 46. Rc6 Kf7
47. Rc7+ Be7 48. h5 gxh5 49. gxh5 Kf6 50. Ke3 Rc1 51. f4 Rh1 52. Rc6+ Kf5 53.
Rxh6 Rh3+ 54. Kd2 Kxf4 55. Re6 Bg5 56. Kc3 Kf5 57. Re8 Be3 58. Kc4 Kf6 59. h6
Kg6 60. Kb5 Bd4 61. Re6+ Kh7 62. Kc4 Re3 63. Rxe3 Bxe3 64. Kd5 Kxh6 65. Ke4 Bf2
66. e3 Kg6 67. d4 c4 68. d5 c3 69. Kd3 Be1 70. d6 Kf6 71. e4 Ke6 72. e5 Bd2 73.
Kc2 Bf4 1/2-1/2

[Event "Klub Kölner SF 1 - SV Mülheim-Nord 2"]
[Site "Oberliga NRW 2013/2014"]
[Date "2013.09.15"]
[Round "1.7"]
[White "Krueger, Andre"]
[Black "Pragua, Christoph"]
[Result "1-0"]
[WhiteElo "2057"]
[BlackElo "2040"]
[PlyCount "61"]
[EventDate "2013.??.??"]
[WhiteTeam "SV Mülheim-Nord 2"]
[BlackTeam "Klub Kölner SF 1"]

1. d4 Nf6 2. Bg5 Ne4 3. Bf4 d5 4. e3 Bf5 5. Bd3 e6 6. f3 Nf6 7. g4 Bxd3 8. Qxd3
Nbd7 9. Nd2 Be7 10. Ne2 c5 11. c3 Qb6 12. Kf2 O-O 13. Kg2 Rad8 14. Ng3 Bd6 15.
Bxd6 Qxd6 16. g5 Ne8 17. f4 b5 18. Nf3 Nc7 19. Rhg1 a5 20. Kh1 c4 21. Qc2 b4
22. Ne5 Ra8 23. Nh5 Ne8 24. Ng4 f5 25. gxf6 Ndxf6 26. Ngxf6+ Rxf6 27. Rxg7+
Nxg7 28. Nxf6+ Kf7 29. Qxh7 Kxf6 30. Rg1 Qf8 31. Qg6+ 1-0

[Event "Klub Kölner SF 1 - SV Mülheim-Nord 2"]
[Site "Oberliga NRW 2013/2014"]
[Date "2013.09.15"]
[Round "1.8"]
[White "Krauth, Alexander"]
[Black "Bus, Tom"]
[Result "1-0"]
[WhiteElo "2028"]
[BlackElo "2079"]
[PlyCount "133"]
[EventDate "2013.??.??"]
[WhiteTeam "Klub Kölner SF 1"]
[BlackTeam "SV Mülheim-Nord 2"]

1. d4 d5 2. Nf3 Nf6 3. c3 g6 4. Bf4 Bg7 5. h3 Nbd7 6. e3 c5 7. Nbd2 O-O 8. Be2
b6 9. O-O Bb7 10. Ne5 a6 11. a4 Nxe5 12. Bxe5 Nd7 13. Bxg7 Kxg7 14. f4 Qc7 15.
Qe1 Rae8 16. Qh4 Qd6 17. Bg4 e6 18. Rae1 Bc6 19. Bd1 a5 20. Nf3 f6 21. Nh2 e5
22. f5 g5 23. Qg3 Kh8 24. Ng4 Rg8 25. Nh6 Rg7 26. Bh5 Rf8 27. b3 Qe7 28. Ng4
Qd6 29. Nh6 Re7 30. h4 Rg7 31. Rf3 Qe7 32. Ng4 Rfg8 33. dxe5 gxh4 34. Qxh4 Rxg4
35. Bxg4 Nxe5 36. Bh5 Nxf3+ 37. Bxf3 Qg7 38. c4 Rd8 39. Rd1 Qe7 40. cxd5 Bd7
41. Qf4 Re8 42. Kf2 c4 43. d6 Qe5 44. Qxe5 fxe5 45. Bd5 cxb3 46. Bxb3 Kg7 47.
e4 Rc8 48. Be6 Rd8 49. Bxd7 Rxd7 50. Rd5 Kf6 51. g4 Kg5 52. Kg3 h5 53. gxh5
Kxh5 54. Rxe5 Rxd6 55. Kf4 Rd4 56. Re6 Rxa4 57. Rxb6 Ra1 58. Ke5 a4 59. Kf6 Kg4
60. Ra6 a3 61. e5 Rf1 62. Rxa3 Rxf5+ 63. Ke6 Rf1 64. Ke7 Kf5 65. e6 Rb1 66. Re3
Rb7+ 67. Kf8 1-0

[Event "SV Dinslaken 1 - SK Turm Emsdetten 2"]
[Site "Oberliga NRW 2013/2014"]
[Date "2013.09.15"]
[Round "1.1"]
[White "Pruijssers, Roeland"]
[Black "Sielecki, Christof"]
[Result "1/2-1/2"]
[WhiteElo "2569"]
[BlackElo "2356"]
[PlyCount "38"]
[EventDate "2013.??.??"]
[WhiteTeam "SK Turm Emsdetten 2"]
[BlackTeam "SV Dinslaken 1"]

1. e4 e5 2. Nf3 Nc6 3. Bc4 Nf6 4. d3 Be7 5. O-O O-O 6. Re1 d6 7. a4 h6 8. c3
Nh7 9. Nbd2 Ng5 10. Nf1 Bg4 11. Bxg5 Bxg5 12. h3 Bd7 13. d4 Bf6 14. Ng3 g6 15.
a5 Bg7 16. a6 b6 17. Bd5 Rb8 18. Qd2 Ne7 19. Bb3 Qc8 1/2-1/2

[Event "SV Dinslaken 1 - SK Turm Emsdetten 2"]
[Site "Oberliga NRW 2013/2014"]
[Date "2013.09.15"]
[Round "1.2"]
[White "Kern, Guido"]
[Black "Kabatianski, Alexander"]
[Result "1-0"]
[WhiteElo "2272"]
[BlackElo "2422"]
[PlyCount "77"]
[EventDate "2013.??.??"]
[WhiteTeam "SV Dinslaken 1"]
[BlackTeam "SK Turm Emsdetten 2"]

1. Nf3 c5 2. c4 g6 3. g3 Bg7 4. Bg2 Nc6 5. Nc3 d6 6. O-O Bf5 7. d3 Qd7 8. Bd2
Bh3 9. Bxh3 Qxh3 10. Nd5 Qd7 11. Bc3 e5 12. a3 Nge7 13. b4 cxb4 14. axb4 Nxd5
15. cxd5 Ne7 16. e4 O-O 17. d4 f5 18. dxe5 fxe4 19. Ng5 dxe5 20. d6 Nc6 21.
Qd5+ Kh8 22. Nxe4 Ne7 23. Qd3 Nf5 24. Rad1 Rad8 25. Qd5 Nd4 26. Kg2 Rf5 27. f3
h6 28. Qa2 b6 29. Bxd4 exd4 30. Rc1 a5 31. Rc7 Qe8 32. bxa5 Rxa5 33. Qc4 Rf5
34. Ra1 Ra5 35. Rxa5 bxa5 36. Ra7 Rc8 37. Qd5 Rb8 38. Re7 Qf8 39. Qe6 1-0

[Event "SV Dinslaken 1 - SK Turm Emsdetten 2"]
[Site "Oberliga NRW 2013/2014"]
[Date "2013.09.15"]
[Round "1.3"]
[White "Kuipers, Stefan"]
[Black "Mundorf, Johannes"]
[Result "1/2-1/2"]
[WhiteElo "2405"]
[BlackElo "2193"]
[PlyCount "68"]
[EventDate "2013.??.??"]
[WhiteTeam "SK Turm Emsdetten 2"]
[BlackTeam "SV Dinslaken 1"]

1. e4 e6 2. d4 d5 3. Nc3 Nc6 4. Nf3 Nf6 5. e5 Ne4 6. Bd3 Bb4 7. Bd2 Nxd2 8.
Qxd2 O-O 9. a3 Ba5 10. Ng5 h6 11. Nh7 Qh4 12. Nxf8 Qxd4 13. f4 Kxf8 14. Rb1 Bd7
15. g3 Qc5 16. b4 Nxb4 17. Rxb4 Bxb4 18. axb4 Qxb4 19. O-O c5 20. Rb1 Qd4+ 21.
Kf1 c4 22. Ne2 Qc5 23. Be4 b5 24. f5 a5 25. f6 Qc7 26. fxg7+ Kxg7 27. Qf4 Qd8
28. Bf3 Qg5 29. Qd4 f6 30. exf6+ Qxf6 31. Qg4+ Qg5 32. Qd4+ Qf6 33. Qg4+ Qg5
34. Qd4+ Qf6 1/2-1/2

[Event "SV Dinslaken 1 - SK Turm Emsdetten 2"]
[Site "Oberliga NRW 2013/2014"]
[Date "2013.09.15"]
[Round "1.4"]
[White "Ossig, Rainer"]
[Black "Fiebig, Thomas"]
[Result "1/2-1/2"]
[WhiteElo "2104"]
[BlackElo "2379"]
[PlyCount "46"]
[EventDate "2013.??.??"]
[WhiteTeam "SV Dinslaken 1"]
[BlackTeam "SK Turm Emsdetten 2"]

1. Nf3 d5 2. g3 Nf6 3. Bg2 e6 4. c4 c5 5. cxd5 exd5 6. d4 Nc6 7. O-O c4 8. b3
cxb3 9. axb3 Be7 10. Ba3 O-O 11. Ne5 Bxa3 12. Rxa3 Qd6 13. Nxc6 Qxc6 14. Qc1
Qe6 15. Nc3 Bd7 16. Qb2 Rfc8 17. Ra5 Qb6 18. Qa1 Bc6 19. e3 Qxb3 20. Rb1 Qc2
21. Rc1 Qb3 22. Rb1 Qc2 23. Rc1 Qb3 1/2-1/2

[Event "SV Dinslaken 1 - SK Turm Emsdetten 2"]
[Site "Oberliga NRW 2013/2014"]
[Date "2013.09.15"]
[Round "1.5"]
[White "Richter, Christian"]
[Black "Jaeger, Martin"]
[Result "1-0"]
[WhiteElo "2330"]
[BlackElo "2051"]
[Annotator "Doe,John"]
[PlyCount "107"]
[EventDate "2013.??.??"]
[WhiteTeam "SK Turm Emsdetten 2"]
[BlackTeam "SV Dinslaken 1"]

1. d4 Nf6 2. Nf3 e6 3. c4 Bb4+ 4. Bd2 Nc6 5. Bxb4 Nxb4 6. Nc3 d5 7. Ne5 O-O 8.
Qa4 Na6 9. e3 c5 10. cxd5 Nxd5 11. Bxa6 bxa6 12. Qc6 cxd4 13. Nxd5 exd5 14.
Qxa8 Qa5+ 15. Kf1 Qb5+ 16. Kg1 Qxb2 17. Re1 dxe3 18. fxe3 Qxe5 19. Qxa7 Re8 $11
20. Qc5 Bf5 21. h4 Qg3 22. Rf1 Be4 23. Rh2 Rb8 24. Qc3 h5 25. Rc1 Kh7 26. Qe1
Qg4 27. Qf2 Rb6 28. Qf4 Qg6 29. Qe5 Re6 30. Qb2 Rf6 31. Rh3 Qg4 32. Rf1 Rg6 33.
Rh2 Qe6 34. Qf2 Rf6 35. Qe2 Rxf1+ 36. Qxf1 f6 37. Qe2 g6 38. Rh1 Qe5 39. Rh2 a5
40. Qe1 Qb2 41. g3 Qe5 42. Rd2 Kg7 43. Rd4 Qc7 44. Kh2 Qc2+ 45. Rd2 Qc3 46. Rd1
Qc7 47. Rc1 Qb6 48. Qc3 Kh6 49. Rf1 Bf5 50. Rf2 Qa6 51. Qc5 Qe6 52. Rb2 g5 53.
Qf8+ Kg6 54. Rb7 1-0

[Event "SV Dinslaken 1 - SK Turm Emsdetten 2"]
[Site "Oberliga NRW 2013/2014"]
[Date "2013.09.15"]
[Round "1.6"]
[White "Neuer, Thomas"]
[Black "Rijnaarts, Sjef"]
[Result "0-1"]
[WhiteElo "2044"]
[BlackElo "2388"]
[PlyCount "68"]
[EventDate "2013.??.??"]
[WhiteTeam "SV Dinslaken 1"]
[BlackTeam "SK Turm Emsdetten 2"]

1. Nf3 d5 2. g3 Nf6 3. Bg2 c6 4. O-O Bf5 5. d3 e6 6. c4 Nbd7 7. cxd5 cxd5 8.
Qb3 Nc5 9. Qb5+ Nfd7 10. d4 a6 11. Qb4 Nd3 12. Qxb7 Rb8 13. Qxa6 Nb4 14. Qa7
Nc2 15. Bf4 Rxb2 16. Nc3 Nxa1 17. Rxa1 Be7 18. a4 O-O 19. Bf1 Bg4 20. Ne5 Nxe5
21. Bxe5 Rc2 22. Nb5 Bxe2 23. a5 Bxf1 24. Kxf1 f6 25. Bf4 Qe8 26. Na3 Rc3 27.
Nb1 Rc2 28. Nd2 Bb4 29. Nf3 Qb5+ 30. Kg2 Qe2 31. Rf1 g5 32. Bc7 g4 33. Nh4 Be1
34. Bd6 Bxf2 0-1

[Event "SV Dinslaken 1 - SK Turm Emsdetten 2"]
[Site "Oberliga NRW 2013/2014"]
[Date "2013.09.15"]
[Round "1.7"]
[White "Smit, Erik"]
[Black "Cebulla, Konstantin"]
[Result "1/2-1/2"]
[WhiteElo "2187"]
[BlackElo "2046"]
[PlyCount "43"]
[EventDate "2013.??.??"]
[WhiteTeam "SK Turm Emsdetten 2"]
[BlackTeam "SV Dinslaken 1"]

1. d4 d5 2. Nf3 Nf6 3. c4 e6 4. Nc3 Nbd7 5. Qc2 c5 6. e3 Be7 7. Be2 dxc4 8.
Bxc4 a6 9. a4 b6 10. O-O Bb7 11. Rd1 Qc7 12. d5 exd5 13. Nxd5 Nxd5 14. Bxd5 Nf6
15. Bxb7 Qxb7 16. b3 O-O 17. Bb2 Rfd8 18. h3 Ne4 19. Ne5 Bf6 20. f3 Ng5 21.
Rxd8+ Rxd8 22. Rd1 1/2-1/2

[Event "SV Dinslaken 1 - SK Turm Emsdetten 2"]
[Site "Oberliga NRW 2013/2014"]
[Date "2013.09.15"]
[Round "1.8"]
[White "Walter, Andreas"]
[Black "Topp, Michael"]
[Result "0-1"]
[WhiteElo "2028"]
[BlackElo "2002"]
[Annotator "Doe,John"]
[PlyCount "150"]
[EventDate "2013.??.??"]
[WhiteTeam "SV Dinslaken 1"]
[BlackTeam "SK Turm Emsdetten 2"]

1. d4 Nf6 2. c4 g6 3. Nc3 d5 4. Nf3 Bg7 5. Bg5 Ne4 6. cxd5 Nxg5 7. Nxg5 O-O 8.
e3 c6 9. dxc6 e5 10. Nf3 Nxc6 11. d5 e4 12. dxc6 exf3 13. Qxd8 Rxd8 14. c7 Rd7
15. Rd1 Bxc3+ 16. bxc3 Rxc7 17. Rd8+ Kg7 18. gxf3 Rxc3 19. Kd2 Rc7 20. Bd3 Rd7
21. Rxd7 Bxd7 22. Be4 Rd8 23. Kc3 b6 24. Rd1 $11 Rc8+ 25. Kb2 Be6 26. Bd5 Rd8
27. e4 Kf6 28. Kc3 Bxd5 29. exd5 Ke5 30. f4+ Kd6 31. Kd4 Rc8 32. Re1 Rc2 33.
Re8 Rd2+ 34. Kc4 Rxf2 35. Rd8+ Kc7 36. Ra8 Rxa2 37. f5 Kd6 38. fxg6 fxg6 39.
Rd8+ Ke7 40. Ra8 Rxh2 41. Kb5 Kd6 42. Rd8+ Kc7 43. Rf8 Rh5 44. Kc4 a5 45. Rf7+
Kd8 46. Rb7 Rh1 47. Rxb6 g5 48. Kc5 Kd7 49. Rb7+ Ke8 50. d6 g4 51. Rg7 h5 52.
d7+ Kd8 53. Kd6 Rd1+ 54. Ke6 a4 55. Rg8+ Kc7 56. Rc8+ Kb6 57. d8=Q+ Rxd8 58.
Rxd8 g3 59. Rg8 h4 60. Rg4 a3 61. Rxh4 g2 62. Rb4+ Kc5 63. Rb1 Kd4 64. Kd6 Ke3
65. Kc5 Kf2 66. Kb4 a2 67. Rb2+ Ke3 68. Rxa2 g1=Q 69. Ra3+ Kd4 70. Rb3 Qc1 71.
Ka4 Qc6+ 72. Ka5 Qa8+ 73. Kb4 Qa6 74. Ra3 Qb6+ 75. Ka4 Kc4 0-1

[Event "SG Solingen 2 - SV Castrop-Rauxel 1"]
[Site "Oberliga NRW 2013/2014"]
[Date "2013.09.15"]
[Round "1.1"]
[White "Kartsev, Alexandr"]
[Black "Hoffmann, Michael"]
[Result "0-1"]
[WhiteElo "2189"]
[BlackElo "2424"]
[PlyCount "80"]
[EventDate "2013.??.??"]
[WhiteTeam "SV Castrop-Rauxel 1"]
[BlackTeam "SG Solingen 2"]

1. e4 c5 2. c3 d5 3. exd5 Qxd5 4. d4 Nf6 5. Nf3 e6 6. Na3 Nc6 7. Be3 cxd4 8.
Nb5 Qd7 9. Nbxd4 a6 10. Bd3 Bd6 11. O-O O-O 12. Re1 Qc7 13. Nxc6 bxc6 14. Qa4
Nd5 15. Qh4 h6 16. Bd2 Rb8 17. Rab1 Bf4 18. Bxf4 Nxf4 19. Bc2 c5 20. Ne5 Nd5
21. Qc4 Bb7 22. Qd3 f5 23. Qg3 Nf6 24. Bb3 Bd5 25. Nc4 f4 26. Qg6 Ne4 27. Rbd1
Ng5 28. h4 Rf6 29. Qd3 Nf7 30. Nd2 Ne5 31. Qxa6 f3 32. g3 c4 33. Rxe5 Qxe5 34.
Nxc4 Qe2 35. Rc1 Rbf8 36. Qa4 Rg6 37. Rc2 Rxg3+ 38. Kh2 Rg2+ 39. Kh3 Qf1 40.
Ne3 Qh1# 0-1

[Event "SG Solingen 2 - SV Castrop-Rauxel 1"]
[Site "Oberliga NRW 2013/2014"]
[Date "2013.09.15"]
[Round "1.3"]
[White "Kartsev, Soel"]
[Black "Schaefer, Markus"]
[Result "1/2-1/2"]
[WhiteElo "2223"]
[BlackElo "2405"]
[PlyCount "217"]
[EventDate "2013.??.??"]
[WhiteTeam "SV Castrop-Rauxel 1"]
[BlackTeam "SG Solingen 2"]

1. e4 e6 2. d4 d5 3. e5 c5 4. c3 Nc6 5. Nf3 Nge7 6. Na3 cxd4 7. cxd4 Nf5 8. Nc2
Qb6 9. Bd3 Nb4 10. Nxb4 Qxb4+ 11. Qd2 Qb6 12. O-O Bd7 13. Bxf5 exf5 14. a3 Be7
15. Re1 h6 16. Qd3 Be6 17. Bd2 O-O 18. b4 Rfc8 19. Rec1 a6 20. Rxc8+ Rxc8 21.
g3 Rc4 22. Rc1 Qc6 23. Qe3 Rxc1+ 24. Bxc1 Qc4 25. Bd2 f4 26. Qc3 Qe2 27. Kg2
fxg3 28. hxg3 Bd8 29. Qe3 Qd1 30. Qe1 Qa4 31. Qc1 Bf5 32. Ng1 Kh7 33. Ne2 Bb6
34. f3 Qb5 35. Qe1 Qc4 36. Be3 Qd3 37. Qd2 Qxa3 38. g4 Bb1 39. Nc3 Qxb4 40. Qc1
Bd3 41. Nxd5 Qb3 42. Nxb6 Qxb6 43. d5 Qd8 44. d6 Bb5 45. Kg3 Bc6 46. Qb1+ Kg8
47. Bb6 Qe8 48. f4 Qe6 49. Qd3 g6 50. Bf2 h5 51. gxh5 Bd7 52. Kh2 Qg4 53. hxg6
Qxf4+ 54. Bg3 Qh6+ 55. Kg2 Qxg6 56. Qc4 Bc6+ 57. Kf2 a5 58. Bf4 Qg4 59. Ke3 a4
60. Qe2 Qg6 61. Kd4 Qe6 62. Qc4 Qg4 63. Kc3 a3 64. Be3 Qg3 65. Qd4 Qg2 66. d7
Qb2+ 67. Kd3 Qb5+ 68. Qc4 Qb1+ 69. Kd2 Bxd7 70. Bd4 Qe4 71. Qd3 Qg2+ 72. Qe2
Qd5 73. Qd3 Bf5 74. Qg3+ Bg6 75. Qc3 Qg2+ 76. Ke3 Qh3+ 77. Kd2 Qh2+ 78. Ke3
Qh6+ 79. Kf2 Qf4+ 80. Ke1 Qg4 81. Kd2 a2 82. Qb2 Qf3 83. Qc3 Qg2+ 84. Ke3 Qg1+
85. Kd2 Qg5+ 86. Ke1 Qf5 87. Kd2 b5 88. Ke3 Qh3+ 89. Kf2 Qh2+ 90. Ke3 Qh6+ 91.
Kf2 Qf8 92. Qa5 Qh6 93. Qd8+ Qf8 94. Qxf8+ Kxf8 95. Ke3 Ke7 96. Bb2 Kd7 97. Kd4
Kc6 98. Ba1 Bf5 99. Bb2 Be6 100. Ba1 b4 101. Kd3 Kd5 102. Bb2 Bf5+ 103. Kd2 Kc4
104. Ba1 b3 105. Bb2 Kb4 106. Ke1 Be6 107. Kd2 a1=Q 108. Bxa1 Ka3 109. Kc1
1/2-1/2

[Event "SG Solingen 2 - SV Castrop-Rauxel 1"]
[Site "Oberliga NRW 2013/2014"]
[Date "2013.09.15"]
[Round "1.4"]
[White "Krieg, Nikolaj"]
[Black "Kusnetsov, Mark"]
[Result "1/2-1/2"]
[WhiteElo "2342"]
[BlackElo "2148"]
[PlyCount "31"]
[EventDate "2013.??.??"]
[WhiteTeam "SG Solingen 2"]
[BlackTeam "SV Castrop-Rauxel 1"]

1. Nf3 d5 2. c4 c6 3. d4 Nf6 4. Nc3 e6 5. Qd3 Nbd7 6. cxd5 exd5 7. Bg5 Be7 8.
e3 O-O 9. Qc2 c5 10. dxc5 Nxc5 11. Be2 Nce4 12. O-O Nxg5 13. Nxg5 d4 14. exd4
Qxd4 15. Rad1 Qh4 16. Nf3 1/2-1/2

[Event "SG Solingen 2 - SV Castrop-Rauxel 1"]
[Site "Oberliga NRW 2013/2014"]
[Date "2013.09.15"]
[Round "1.5"]
[White "Kaeding, Rainer"]
[Black "Michalczak, Thomas"]
[Result "1/2-1/2"]
[WhiteElo "2086"]
[BlackElo "2279"]
[PlyCount "47"]
[EventDate "2013.??.??"]
[WhiteTeam "SV Castrop-Rauxel 1"]
[BlackTeam "SG Solingen 2"]

1. e4 e5 2. Nf3 Nc6 3. Bb5 a6 4. Bxc6 dxc6 5. d4 exd4 6. Qxd4 Qxd4 7. Nxd4 Bd7
8. Nc3 O-O-O 9. Be3 Bb4 10. Nde2 Re8 11. O-O-O f5 12. exf5 Bxf5 13. a3 Be7 14.
Rhe1 Nf6 15. h3 Nd5 16. Nxd5 cxd5 17. Rxd5 Be4 18. Re5 Bxg2 19. Rg1 Bxh3 20.
Rxg7 Bh4 21. Rxe8+ Rxe8 22. Rxh7 Bxf2 23. Bxf2 Rxe2 24. Rxh3 1/2-1/2

[Event "SG Solingen 2 - SV Castrop-Rauxel 1"]
[Site "Oberliga NRW 2013/2014"]
[Date "2013.09.15"]
[Round "1.6"]
[White "Gupta, Milon"]
[Black "Hille, Ralph Ingo"]
[Result "1-0"]
[WhiteElo "2231"]
[BlackElo "2066"]
[PlyCount "109"]
[EventDate "2013.??.??"]
[WhiteTeam "SG Solingen 2"]
[BlackTeam "SV Castrop-Rauxel 1"]

1. Nf3 b6 2. e4 Bb7 3. Nc3 e6 4. d4 Bb4 5. Bd3 Nf6 6. Qe2 d5 7. Bg5 dxe4 8.
Bxe4 Bxe4 9. Bxf6 gxf6 10. Qxe4 Bxc3+ 11. bxc3 c6 12. O-O Qd5 13. Qe2 O-O 14.
c4 Qh5 15. Rfd1 Nd7 16. Qe4 Rac8 17. Rd3 Kh8 18. Re1 Rg8 19. g3 Rg4 20. Qe2
Rgg8 21. Ra3 Rc7 22. Qe3 Qf5 23. Qe4 Qxe4 24. Rxe4 Rd8 25. Re2 Nf8 26. Rd3 Rcd7
27. Red2 Ng6 28. Kf1 Ne7 29. Ke2 Nf5 30. Rd1 Kg7 31. g4 Nd6 32. Nd2 Kf8 33. a4
Nb7 34. Nb3 Ke7 35. Ke3 c5 36. d5 Nd6 37. Nd2 f5 38. h3 Rg8 39. f3 h5 40. gxf5
Nxf5+ 41. Kf4 Nh4 42. Nf1 Rg2 43. dxe6 Rxd3 44. cxd3 fxe6 45. a5 bxa5 46. Rb1
Kf6 47. Rb5 Rf2 48. Kg3 Rxf1 49. Kxh4 Rxf3 50. Rxc5 Rxd3 51. Rxa5 e5 52. Kxh5
Rxh3+ 53. Kg4 Rh7 54. Ra6+ Ke7 55. Rxa7+ 1-0

[Event "SG Solingen 2 - SV Castrop-Rauxel 1"]
[Site "Oberliga NRW 2013/2014"]
[Date "2013.09.15"]
[Round "1.7"]
[White "Werrn, Pascal"]
[Black "Hubert, Ralf"]
[Result "0-1"]
[WhiteElo "2021"]
[BlackElo "2242"]
[PlyCount "90"]
[EventDate "2013.??.??"]
[WhiteTeam "SV Castrop-Rauxel 1"]
[BlackTeam "SG Solingen 2"]

1. d4 Nf6 2. Nf3 g6 3. g3 Bg7 4. Bg2 O-O 5. O-O c6 6. c4 d6 7. Nc3 Bf5 8. Nh4
Bd7 9. Qd3 Qc8 10. Re1 Na6 11. e4 e5 12. Nf3 Re8 13. b3 Bg4 14. Be3 Nd7 15. d5
Ndc5 16. Qd2 cxd5 17. cxd5 b5 18. Rec1 Qd7 19. Ne1 b4 20. Nd1 Bxd1 21. Qxd1 f5
22. f3 fxe4 23. fxe4 Rf8 24. Nd3 Qb5 25. Nxc5 Nxc5 26. Rc4 Na4 27. Bf1 Nb2 28.
Qg4 Nxc4 29. Qe6+ Kh8 30. bxc4 Rxf1+ 31. Rxf1 Qxc4 32. Qxd6 Qxe4 33. Bxa7 h5
34. Qd7 Rf8 35. Rxf8+ Bxf8 36. Qe8 Qb1+ 37. Kg2 Qxa2+ 38. Bf2 Qxd5+ 39. Kh3 Qd6
40. Qf7 Bg7 41. Be3 Qf6 42. Qe8+ Kh7 43. Qb5 b3 44. Qxb3 Qf1+ 45. Kh4 Bf6+ 0-1

[Event "SG Solingen 2 - SV Castrop-Rauxel 1"]
[Site "Oberliga NRW 2013/2014"]
[Date "2013.09.15"]
[Round "1.8"]
[White "Schlecht, Daniel"]
[Black "Mueller, Frank"]
[Result "1-0"]
[WhiteElo "2289"]
[BlackElo "1998"]
[PlyCount "45"]
[EventDate "2013.??.??"]
[WhiteTeam "SG Solingen 2"]
[BlackTeam "SV Castrop-Rauxel 1"]

1. d4 Nf6 2. c4 g6 3. Nc3 d5 4. cxd5 Nxd5 5. e4 Nxc3 6. bxc3 Bg7 7. Nf3 c5 8.
Rb1 O-O 9. Be2 cxd4 10. cxd4 Qa5+ 11. Bd2 Qxa2 12. O-O Bg4 13. Bg5 Nc6 14. d5
Rfd8 15. Rxb7 f6 16. Bd2 Bxf3 17. Bxf3 Nd4 18. Rxe7 Qa3 19. Rb7 f5 20. Bg5
Nxf3+ 21. gxf3 Rdb8 22. Rxb8+ Rxb8 23. d6 1-0